01486nam a2200385 i 450000100060000000300080000600500170001400600190003100700150005000800410006502000180010602000280012403500220015204000310017405000250020508000110023008200220024111000160026324501870027926400430046630000410050933600310055033700330058133800430061458800830065759001620074061000310090265000140093365000170094765100110096465500270097579700180100285600630102099900170108387641FINmELB20241217171557.0m o d | cr cnu||||||||190510s2013 sp o 000 0 spa d z9788415996040 a9788415996132q(e-book) a(OCoLC)1145089153 aFINmELBbspaerdacFINmELB 4aML421.P88bP987 2013 a929:780 a782.4216609222230 aPussy Riot.10aDesorden púbico :buna plegaria punk por la libertad : cartas escritas en prisión, canciones, poemas, alegatos ante el tribunal y cartas de apoyo de otros artistas /cPussy Riot. 1aBarcelona :bMalpaso Ediciones,c2013. a1 recurso en línea (157 páginas) atextobtxt2rdacontent/spa acomputadorabc2rdamedia/spa arecurso en líneabcr2rdacarrier/spa aDescripción basada en metadatos suministrados por el editor y otras fuentes. aRecurso electrónico. Santa Fe, Arg.: elibro, 2020. Disponible vía World Wide Web. El acceso puede estar limitado para las bibliotecas afiliadas a elibro.20aPussy Riot (Musical group) 4aMúsica. 4aBiografía. 4aRusia. 4aLibros electrónicos.2 aelibro, Corp.40uhttps://elibro.net/ereader/politecnicointernacional/117034 c87641d87641